| 000 | 00967nam a2200169 4500 | ||
|---|---|---|---|
| 003 | LK-CoMWRAF | ||
| 005 | 20240128231653.0 | ||
| 008 | 240128b |||||||| |||| 00| 0 eng d | ||
| 040 |
_aLK-CoMWRAF _dLK-CoMWRAF _eLK-CoMWRAF |
||
| 041 | _asin | ||
| 082 |
_a303.66 _bKOD |
||
| 100 |
_aකොඩිකාර. චූලනී _vKodikara, Choolani |
||
| 245 |
_aස්ත්රී පුරුෂ සමාජභාවීය ක්රියාවලියක් ලෙස සාමය ගොඩනැංවීම : _bකාන්තාවන් විසින් සාමය ගොඩනැන්වීමට දරන ලද උත්සාහය අවබෝධ කර ගැනීම 1970 දශකය - 2008 |
||
| 246 | _aSthree purusha samajabhaweeya kriyawaliyakclesa samaya godananweema : Kanthawan wisin samaya godananweemata darana uthsahayan awabhodha kara ganeema 1970 dhasakaya - 2008 | ||
| 260 |
_aColombo : _bWomen defining peace, _c2009 |
||
| 942 | _cBK | ||
| 999 |
_c4690 _d4690 |
||